00690nam a2200217 a 450000100060000000300080000600500170001400800410003103500190007204000360009104100080012708200250013510000360016024500500019626000440024630000350029049000400032550400290036565000380039483000400043273262BD-RjUL20211209082353.0170529s1964 njuad b 001 0 eng c a(BD-RjUL)73480 aDLC/ICUcCGUdBD-RjULdEQObeng aeng0 a629.47223bNES 19641 aNewman, David B.q(David Bruce)10aSpace vehicle electronics /cDavid B. Newman. aPrinceton, N.J. :bVan Nostrand,cc1964 axvii, 397 p. :bill. ;c24 cm.1 aPrinciples of guided missile design aIncludes bibliographies. 0aSpacecraftxElectronic equipment. 0aPrinciples of guided missile design